[Event "GER-ch U25"]
[Site "Willingen"]
[Date "2007.06.01"]
[Round "9"]
[White "Klebanov, Andrej"]
[Black "Wuensche, Sebastian"]
[Result "1-0"]
[WhiteElo "1834"]
[BlackElo "1579"]
[PlyCount "90"]
[EventDate "2007.05.26"]
[EventType "swiss"]
[EventRounds "9"]
[EventCountry "GER"]
[SourceTitle "CBM 118 Extra"]
[Source "ChessBase"]
[SourceDate "2007.07.04"]
[SourceVersion "1"]
[SourceVersionDate "2007.07.04"]
[SourceQuality "1"]

1. d4 Nf6 2. c4 g6 3. Nc3 Bg7 4. e4 d6 5. Nf3 0-0 6. Bg5 Nc6 7. Be2 e5 8. dxe5 dxe5 9. Qxd8 Nxd8 10. Bxf6 Bxf6 11. Nd5 Bg7 12. Nxc7 Rb8 13. 0-0 Ne6 14. Nd5 Nc5 15. Nc3 f5 16. b4 fxe4 17. Ng5 Nd3 18. Rab1 Nf4 19. Ngxe4 Nxe2+ 20. Nxe2 Bf5 21. f3 Rbd8 22. Rfd1 Bxe4 23. fxe4 Bh6 24. Rd5 Be3+ 25. Kh1 Rxd5 26. exd5 Rf2 27. Ng3 Rxa2 28. Ne4 Rc2 29. c5 Rc4 30. Nd6 Rd4 31. Nxb7 Rxd5 32. c6 Bb6 33. h3 e4 34. Re1 e3 35. g4 Rd2 36. Rxe3 Bxe3 37. c7 Rc2 38. Nc5 Rc1+ 39. Kg2 Rc2+ 40. Kg3 Bf4+ 41. Kxf4 Rf2+ 42. Ke5 Rf8 43. Ke6 Kg7 44. Kd7 Rf7+ 45. Kc6 Rf6+ 1-0